000 00982cab a2200217 4500
001 ##L133924
008 060620n2006 000 0 eng u
035 _a(Sirsi) u133924
041 0 _aeng
100 1 _aDover, Molly
245 0 0 _aProperty Week supplement
_boffices and business parks
260 _c2006
490 0 _aProperty Week
_v71(24) 16 June 2006, (16) (LOAN)
520 _aLooks at Victoria Central, soon to be home to the Telegraph when it relocates back to central London. Reports on the Fire and Rescue Service's decision to create an integrated national system of eight regional control centres to replace existing local control rooms, all to be housed in bespoke buildings on business parks. Looks at which business parks have been selected and the structuring of the deals.
590 _aIKA040706
651 4 _aCENTRAL LONDON
651 4 _aVICTORIA
690 _aPROPERTY-COMMERCIAL PROPERTY-OFFICE PROPERTY
700 1 _aHipwell, Deirdre
942 _n0
999 _c77261
_d77261